[Event "ROM-ch U10"]
[Site "Calimanesti Caciulata"]
[Date "2016.04.22"]
[Round "6"]
[White "Cialacu, Edward Cristian"]
[Black "Antohi, Rares Nicusor"]
[Result "1/2-1/2"]
[WhiteElo "1156"]
[BlackElo "1359"]
[PlyCount "36"]
[EventDate "2016.04.18"]
[EventType "swiss"]
[EventRounds "9"]
[EventCountry "ROU"]
[SourceTitle "CBM 172 Extra"]
[Source "ChessBase"]
[SourceDate "2016.06.21"]
[SourceVersion "1"]
[SourceVersionDate "2016.06.21"]
[SourceQuality "1"]

1. e4 c5 2. Nf3 Nc6 3. d4 cxd4 4. Nxd4 Nf6 5. Nc3 d6 6. Bb5 Bd7 7. Be3 g6 8. 0-0 Bg7 9. h3 0-0 10. Qd2 Qc7 11. Bxc6 Bxc6 12. Nxc6 bxc6 13. Rfe1 Rfb8 14. Rab1 Rb7 15. Bh6 Rab8 16. Bxg7 Kxg7 17. b3 Rd8 18. Rbd1 Rdb8 1/2-1/2

[Event "ROM-ch U10"]
[Site "Calimanesti Caciulata"]
[Date "2016.04.18"]
[Round "1"]
[White "Creanga, Robert Ionut"]
[Black "Cialacu, Edward Cristian"]
[Result "1-0"]
[WhiteElo "1907"]
[BlackElo "1156"]
[PlyCount "63"]
[EventDate "2016.04.18"]
[EventType "swiss"]
[EventRounds "9"]
[EventCountry "ROU"]
[SourceTitle "CBM 172 Extra"]
[Source "ChessBase"]
[SourceDate "2016.06.21"]
[SourceVersion "1"]
[SourceVersionDate "2016.06.21"]
[SourceQuality "1"]

1. e4 e5 2. Nc3 Nf6 3. Bc4 Bc5 4. d3 h6 5. f4 exf4 6. Bxf4 d6 7. d4 Bb4 8. Qe2 Nc6 9. 0-0-0 Bxc3 10. bxc3 0-0 11. e5 Re8 12. Qf1 Bg4 13. Rd3 Bf5 14. Rd1 Ne4 15. Bxh6 gxh6 16. Qxf5 Qg5+ 17. Qxg5+ hxg5 18. Rf1 Re7 19. exd6 cxd6 20. Ne2 Rc8 21. Bd3 d5 22. Rf5 Rd8 23. Bxe4 Rxe4 24. Rxg5+ Kf8 25. Ng3 Re6 26. h4 Ne7 27. Nf5 Nxf5 28. Rxf5 Rh6 29. g4 Rdd6 30. h5 Rh8 31. Rhf1 Rd7 32. Rf6 1-0

[Event "ROM-ch U08"]
[Site "Calimanesti"]
[Date "2014.04.11"]
[Round "7"]
[White "Cialacu, Edward Cristian"]
[Black "Moisescu, Cristian Andrei"]
[Result "1/2-1/2"]
[WhiteElo "1162"]
[BlackElo "1004"]
[PlyCount "119"]
[EventDate "2014.04.06"]
[EventType "swiss"]
[EventRounds "9"]
[EventCountry "ROU"]
[SourceTitle "CBM 160 Extra"]
[Source "ChessBase"]
[SourceDate "2014.07.01"]
[SourceVersion "1"]
[SourceVersionDate "2014.07.01"]
[SourceQuality "1"]

1. e4 e5 2. Nf3 Nc6 3. Bc4 h6 4. Nc3 Nf6 5. 0-0 Bb4 6. d3 0-0 7. Bd2 d6 8. h3 Bxc3 9. Bxc3 b6 10. Re1 Na5 11. Bxa5 bxa5 12. Qd2 c5 13. a3 Rb8 14. c3 Qb6 15. Reb1 Qb7 16. b4 axb4 17. axb4 cxb4 18. Rxb4 Qc7 19. Rba4 Ra8 20. Qe3 Qc5 21. Qxc5 dxc5 22. Rxa7 Rxa7 23. Rxa7 Be6 24. Nxe5 Bxc4 25. Nxc4 g5 26. f3 h5 27. Nb6 Rd8 28. e5 Nd5 29. Nd7 Nxc3 30. Nxc5 Rd5 31. Ra8+ Kg7 32. Rc8 Rxe5 33. Ne6+ Rxe6 34. Rxc3 f5 35. d4 Re1+ 36. Kf2 Re7 37. d5 Rd7 38. Rd3 Kf6 39. g4 fxg4 40. hxg4 hxg4 41. fxg4 Ke5 42. Re3+ Kxd5 43. Rd3+ Ke6 44. Rxd7 Kxd7 45. Ke3 Ke6 46. Ke4 Kf6 47. Kd5 Kg6 48. Ke6 Kh6 49. Kf6 Kh7 50. Kf5 Kg8 51. Kxg5 Kg7 52. Kf4 Kf6 53. g5+ Kg6 54. Kg4 Kg7 55. Kf5 Kf7 56. g6+ Kg7 57. Kg5 Kg8 58. Kf6 Kf8 59. g7+ Kg8 60. Kg6 1/2-1/2

[Event "ROM-ch U08"]
[Site "Calimanesti"]
[Date "2014.04.09"]
[Round "4"]
[White "Creanga, Robert Ionut"]
[Black "Cialacu, Edward Cristian"]
[Result "1-0"]
[WhiteElo "1276"]
[BlackElo "1162"]
[PlyCount "59"]
[EventDate "2014.04.06"]
[EventType "swiss"]
[EventRounds "9"]
[EventCountry "ROU"]
[SourceTitle "CBM 160 Extra"]
[Source "ChessBase"]
[SourceDate "2014.07.01"]
[SourceVersion "1"]
[SourceVersionDate "2014.07.01"]
[SourceQuality "1"]

1. e4 e5 2. Nf3 Nc6 3. d4 exd4 4. Bc4 Be7 5. c3 d6 6. cxd4 Bg4 7. h3 Bh5 8. Be3 Nf6 9. Nc3 0-0 10. Be2 Bxf3 11. Bxf3 Nd7 12. 0-0 a6 13. a3 b5 14. Re1 Re8 15. Qd2 Na7 16. Rad1 c5 17. Nd5 Nb6 18. dxc5 Nc4 19. Qc2 Nxe3 20. Rxe3 Rc8 21. b4 a5 22. Nb6 Qxb6 23. cxb6 Rxc2 24. bxa7 Ra8 25. e5 Rxa7 26. exd6 Rc8 27. dxe7 Re8 28. Rd8 Raxe7 29. Rxe8+ Rxe8 30. Rxe8# 1-0

[Event "ROM-ch U08"]
[Site "Calimanesti"]
[Date "2014.04.07"]
[Round "2"]
[White "Tampea, Radu"]
[Black "Cialacu, Edward Cristian"]
[Result "0-1"]
[WhiteElo "1601"]
[BlackElo "1162"]
[PlyCount "44"]
[EventDate "2014.04.06"]
[EventType "swiss"]
[EventRounds "9"]
[EventCountry "ROU"]
[SourceTitle "CBM 160 Extra"]
[Source "ChessBase"]
[SourceDate "2014.07.01"]
[SourceVersion "1"]
[SourceVersionDate "2014.07.01"]
[SourceQuality "1"]

1. d4 Nf6 2. Bf4 g6 3. e3 Bg7 4. Be2 0-0 5. Nf3 d6 6. 0-0 Nbd7 7. c4 c5 8. d5 Nh5 9. Qd2 Nhf6 10. Nc3 Qa5 11. Rfc1 a6 12. e4 Nxe4 13. Qe3 Nxc3 14. bxc3 Re8 15. Bxd6 Kf8 16. Bf4 e6 17. Bh6 Nb6 18. Ng5 Bxh6 19. Nxe6+ fxe6 20. Qxh6+ Kg8 21. dxe6 Bxe6 22. Rab1 Re7 0-1

[Event "ROM-ch U08"]
[Site "Calimanesti"]
[Date "2013.04.05"]
[Round "6"]
[White "Cialacu, Edward Cristian"]
[Black "Birtalan, Tamas"]
[Result "1-0"]
[WhiteElo "1056"]
[BlackElo "1082"]
[PlyCount "101"]
[EventDate "2013.04.02"]
[EventType "swiss"]
[EventRounds "9"]
[EventCountry "ROU"]
[SourceTitle "CBM 153 Extra"]
[Source "ChessBase"]
[SourceDate "2013.04.22"]
[SourceVersion "1"]
[SourceVersionDate "2013.04.22"]
[SourceQuality "1"]

1. e4 e5 2. Nf3 Nc6 3. Nc3 Nf6 4. Bc4 Bb4 5. Nd5 0-0 6. Nxb4 Nxb4 7. Nxe5 Qe7 8. Bxf7+ Rxf7 9. Nxf7 Kxf7 10. 0-0 Qxe4 11. d3 Qc6 12. c3 Nbd5 13. c4 Nb6 14. Qb3 Kf8 15. Qc2 d5 16. b3 dxc4 17. bxc4 Qc5 18. a4 Ng4 19. Ba3 Qxa3 20. Rxa3 Bf5 21. f3 Ne3 22. Qc3 Nxf1 23. Kxf1 Re8 24. Qb4+ Kg8 25. c5 Nd5 26. Qxb7 Ne3+ 27. Kf2 Rd8 28. Kxe3 Re8+ 29. Kf2 Re5 30. Qb8+ Kf7 31. Qxc7+ Re7 32. Qf4 Kf6 33. g4 g5 34. Qxf5+ Kg7 35. Qxg5+ Kf8 36. c6 Rc7 37. Qd8+ Kg7 38. Qxc7+ Kg6 39. Qxh7+ Kxh7 40. c7 Kg6 41. c8Q Kf6 42. Qf5+ Ke7 43. Rc3 Kd6 44. Qf4+ Kd5 45. Qe4+ Kd6 46. Rc6+ Kd7 47. Qe6+ Kd8 48. Rd6+ Kc7 49. Qd7+ Kb8 50. Ra6 Ka8 51. Qxa7# 1-0

[Event "ROM-ch U08"]
[Site "Calimanesti"]
[Date "2013.04.03"]
[Round "3"]
[White "Macovei, David Sebastian"]
[Black "Cialacu, Edward Cristian"]
[Result "1-0"]
[WhiteElo "1173"]
[BlackElo "1056"]
[PlyCount "181"]
[EventDate "2013.04.02"]
[EventType "swiss"]
[EventRounds "9"]
[EventCountry "ROU"]
[SourceTitle "CBM 153 Extra"]
[Source "ChessBase"]
[SourceDate "2013.04.22"]
[SourceVersion "1"]
[SourceVersionDate "2013.04.22"]
[SourceQuality "1"]

1. e4 e5 2. Nf3 Nc6 3. Bc4 Bc5 4. c3 h6 5. d4 Bb6 6. dxe5 f6 7. Qd5 Qe7 8. exf6 Nxf6 9. Qd3 Nxe4 10. 0-0 Rf8 11. Re1 Bxf2+ 12. Kf1 Bxe1 13. Kxe1 Na5 14. Qe2 Nxc4 15. Qxc4 Nxc3+ 16. Kd2 Ne4+ 17. Kc2 d6 18. Bd2 Bd7 19. Nc3 Bc6 20. Re1 0-0-0 21. Nxe4 Bxe4+ 22. Rxe4 Qd7 23. Qd4 Qc6+ 24. Kb1 d5 25. Re5 Qg6+ 26. Ka1 Qxg2 27. Ne1 Rde8 28. Rxd5 Rd8 29. Rxd8+ Rxd8 30. Qxa7 Qxd2 31. Qa8+ Kd7 32. Qa4+ c6 33. Qg4+ Kc7 34. Qg3+ Kb6 35. Qb3+ Kc7 36. Qg3+ Rd6 37. Qxg7+ Kb8 38. Qg8+ Ka7 39. Qg1+ Rd4 40. a3 Qc1+ 41. Ka2 Qc4+ 42. Kb1 c5 43. Nc2 Qd3 44. Qc1 Qd1 45. Nxd4 Qxc1+ 46. Kxc1 cxd4 47. Kd2 Kb6 48. b4 Kc6 49. Kd3 Kd5 50. h4 b5 51. h5 Ke5 52. a4 bxa4 53. b5 a3 54. b6 a2 55. b7 a1Q 56. b8Q+ Kd5 57. Qb3+ Kc5 58. Qc4+ Kd6 59. Qb4+ Ke5 60. Qe7+ Kf5 61. Qh7+ Ke5 62. Qg7+ Kd5 63. Qd7+ Ke5 64. Qe7+ Kd5 65. Qf7+ Kc5 66. Qf5+ Kb4 67. Qf8+ Kb3 68. Qb8+ Ka2 69. Qa7+ Kb1 70. Qb6+ Ka2 71. Qa5+ Kb1 72. Qb4+ Qb2 73. Qe1+ Qc1 74. Qb4+ Qb2 75. Qe1+ Qc1 76. Qxc1+ Kxc1 77. Kxd4 Kd2 78. Ke5 Ke3 79. Kf5 Kf3 80. Kg6 Kg4 81. Kxh6 Kf5 82. Kg7 Kg4 83. h6 Kg3 84. h7 Kf2 85. h8Q Ke1 86. Qh2 Kf1 87. Kf6 Ke1 88. Ke5 Kd1 89. Kd4 Kc1 90. Kc3 Kb1 91. Qb2# 1-0